000
00209nam a22000857a 4500
008
160628b xxu||||| |||| 00| 0 eng d
100
_9
1279
_a
Freitas, F.C
245
_a
Bapu
260
_a
N.D
_b
National Book Trust
_c
2003
999
_c
1046
_d
1046